| 000 | 00387nam a2200157Ia 4500 | ||
|---|---|---|---|
| 005 | 20250627015319.0 | ||
| 008 | 240331s9999 xx 000 0 und d | ||
| 082 |
_bALA _a379 |
||
| 100 | _aAlahakoon,M.J | ||
| 245 | 0 | _aAdyapanaya ha samaja balawega | |
| 260 |
_aColombo _bLake House book store _c1986 |
||
| 300 | _a340 p ., | ||
| 650 | _aEducation | ||
| 650 | _aSocial Power | ||
| 942 | _cL | ||
| 999 |
_c5102 _d5102 |
||